LEADER 01290nam--2200421---450- 001 990000819050203316 005 20070410112806.0 035 $a0081905 035 $aUSA010081905 035 $a(ALEPH)000081905USA01 035 $a0081905 100 $a20011220d1988----km-y0itay0103----ba 101 $aita 102 $aIT 105 $a||||||||001yy 200 1 $aInferno$fGiovanni Marchese, Salvatore Rossi$v1 205 $aNuova ed. 210 $aPalermo$cPalumbo$d1988 215 $a251 p$cill.$d23 cm 225 2 $aLettura dei capolavori$v3 410 $12001$aLettura dei capolavori$v3 461 1$10010081902$12001$aGuida alla lettura de la Divina Commedia 606 0 $aAlighieri, Dante$xDivina Commedia$xCritica del testo 676 $a851.1 700 1$aMARCHESE,$bGiovanni$0334162 701 1$aROSSI,$bSalvatore$083265 801 0$aIT$bsalbc$gISBD 912 $a990000819050203316 951 $aVI.2.B. 280/1(V A COLL 177/3)$b95611 L.M.$cV A COLL 959 $aBK 969 $aUMA 979 $aPATTY$b90$c20011220$lUSA01$h1514 979 $c20020403$lUSA01$h1728 979 $aPATTY$b90$c20020408$lUSA01$h1336 979 $aPATRY$b90$c20040406$lUSA01$h1656 979 $aCOPAT1$b90$c20070410$lUSA01$h1128 996 $aInferno$9952621 997 $aUNISA